Biological diversity and sustainable resources use (Record no. 485543)

MARC details
000 -LEADER
fixed length control field 00596nam a2200205Ia 4500
008 - FIXED-LENGTH DATA ELEMENTS--GENERAL INFORMATION
fixed length control field 210417s9999 xx 000 0 und d
020 ## - INTERNATIONAL STANDARD BOOK NUMBER
International Standard Book Number 9789533077062
-- 9533077069
082 ## - DEWEY DECIMAL CLASSIFICATION NUMBER
Classification number 577 GRI
Item number 22.577 GRI
245 #0 - TITLE STATEMENT
Title Biological diversity and sustainable resources use
Statement of responsibility, etc. Biological diversity and sustainable resources use
250 ## - EDITION STATEMENT
Edition statement 1st ed.
Remainder of edition statement "vii, 158p. : ill. ; 22cm. ; hbk."
260 ## - PUBLICATION, DISTRIBUTION, ETC.
Place of publication, distribution, etc. Rijeka
Name of publisher, distributor, etc. Intechopen.com
Date of publication, distribution, etc. 2016
700 ## - ADDED ENTRY--PERSONAL NAME
Personal name "Grillo, Oscar"
Numeration edited by Oscar Grillo and Gianfranco Venora
Holdings
Withdrawn status Lost status Source of classification or shelving scheme Damaged status Not for loan Home library Current library Shelving location Date acquired Total Checkouts Full call number Barcode Date last seen Price effective from Koha item type
    Dewey Decimal Classification     Anna Centenary Library Anna Centenary Library 5TH FLOOR, A WING 17.04.2021   577 GRI 605454 17.04.2021 17.04.2021 English Books

Find us on the map